| Tag |
First Indicator |
Second Indicator |
Subfields |
| LEADER |
00000cam a2200000 a 4500 |
| 001 |
in00004483621 |
| 005 |
20210818135220.0 |
| 008 |
970520s1997 mdua b 000 0 eng |
| 010 |
|
|
|a 97016034
|
| 020 |
|
|
|a 0683301373
|
| 035 |
|
|
|a (OCoLC)36977129
|
| 035 |
|
|
|9 AAH2027MS
|
| 035 |
|
|
|z (UtOrBLW)23953
|
| 035 |
|
|
|a 37422
|
| 040 |
|
|
|a DLC
|c DLC
|d C#P
|d UtOrBLW
|
| 049 |
|
|
|a TMVM
|c 1
|
| 050 |
0 |
0 |
|a QP176
|b .S93 1997
|
| 082 |
0 |
0 |
|a 612/.044/0151
|2 21
|
| 096 |
|
|
|a QU 125
|b S971m 1997
|
| 100 |
1 |
|
|a Swain, David P.
|
| 245 |
1 |
0 |
|a Metabolic calculations-- simplified /
|c David P. Swain, Brian C. Leutholtz.
|
| 264 |
|
1 |
|a Baltimore :
|b Williams & Wilkins,
|c [1997]
|
| 264 |
|
4 |
|c ©1997
|
| 300 |
|
|
|a xii, 100 pages :
|b illustrations ;
|c 26 cm.
|
| 336 |
|
|
|a text
|2 rdacontent
|b txt
|
| 337 |
|
|
|a unmediated
|2 rdamedia
|
| 338 |
|
|
|a volume
|2 rdacarrier
|b nc
|
| 500 |
|
|
|a "A Waverly Company".
|
| 504 |
|
|
|a Includes bibliographical references.
|
| 650 |
|
2 |
|a Energy Metabolism.
|
| 650 |
|
2 |
|a Respiration.
|
| 650 |
|
2 |
|a Calorimetry, Indirect.
|
| 650 |
|
2 |
|a Mathematics.
|
| 700 |
1 |
|
|a Leutholtz, Brian C.
|
| 999 |
|
|
|a MARS
|
| 999 |
f |
f |
|s 1275de09-ba9c-39e0-8ace-6d8de751de38
|i 8e6a11ce-154e-39e1-b2fc-0c8ffe13c910
|t 0
|
| 952 |
f |
f |
|p ric
|a Texas A&M University
|b Rellis Campus
|c Joint Library Facility
|d Remote Storage
|t 0
|e QU 125 S971m 1997
|h National Library of Medicine classification
|i unmediated -- volume
|m 323890143848A
|
| 998 |
f |
f |
|a QU 125 S971m 1997
|t 0
|l Remote Storage
|